Sunan al-Tirmidhī. (Record no. 49867)

MARC details
000 -LEADER
fixed length control field 00611cam a22002291 4500
001 - CONTROL NUMBER
control field ne 67001944
003 - CONTROL NUMBER IDENTIFIER
control field DLC
005 - DATE AND TIME OF LATEST TRANSACTION
control field 20260227111835.0
008 - FIXED-LENGTH DATA ELEMENTS--GENERAL INFORMATION
fixed length control field 890514m19651969xx a 000 0 ara
010 ## - LIBRARY OF CONGRESS CONTROL NUMBER
LC control number ne 67001944
035 ## - SYSTEM CONTROL NUMBER
System control number (OCoLC)23499771
040 ## - CATALOGING SOURCE
Original cataloging agency DLC
Transcribing agency MiU
Modifying agency DLC
042 ## - AUTHENTICATION CODE
Authentication code premarc
050 00 - LIBRARY OF CONGRESS CALL NUMBER
Classification number BP135
Item number .A1512
100 1# - MAIN ENTRY--PERSONAL NAME
Personal name Tirmidhī, Muḥammad ibn ʻĪsá,
Dates associated with a name -892.
240 00 - UNIFORM TITLE
Uniform title Jāmiʻ al-ṣaḥīḥ.
245 10 - TITLE STATEMENT
Title Sunan al-Tirmidhī.
260 ## - PUBLICATION, DISTRIBUTION, ETC.
Date of publication, distribution, etc. 1965-69 [v. 1, 1965 i.e. 1968; v. 10, 1968]
300 ## - PHYSICAL DESCRIPTION
Extent 10 v. in 5. illus.
Dimensions 25 cm.
500 ## - GENERAL NOTE
General note Romanized.
650 #0 - SUBJECT ADDED ENTRY--TOPICAL TERM
Topical term or geographic name entry element Hadith

No items available.

Powered by Koha